Loading...
| Science - Physics | 3 | 2 | 0 | 1 | 65 | 64 | 94.00 | 3 | 5 |
| Science - Biology | 0 | 5 | 1 | 1 | 45 | 112 | 119.80 | 3 | 5 |
| Science - Other Science | 1 | 3 | 2 | 1 | 35 | 35 | 100.00 | 2 | 4 |
| Science - Chemistry | 1 | 1 | 0 | 0 | 25 | 79 | 102.00 | 1 | 2 |
| Beliefs - Mythology | 1 | 1 | 1 | 0 | 20 | 15 | 66.50 | 2 | 2 |
| Science - Engineering | 0 | 2 | 0 | 1 | 20 | 98 | 116.50 | 1 | 2 |
| Literature - American Lit | 1 | 0 | 0 | 0 | 15 | 39 | 39.00 | 1 | 1 |
| Beliefs - Religion | 0 | 1 | 0 | 0 | 10 | 121 | 121.00 | 1 | 1 |
| Arts - Music | 0 | 1 | 0 | 1 | 10 | 141 | 141.00 | 0 | 1 |
| Literature - Euro Lit | 0 | 1 | 0 | 0 | 10 | 103 | 103.00 | 1 | 1 |
| Other - Geo/CE | 0 | 1 | 0 | 1 | 10 | 124 | 124.00 | 0 | 1 |
| Arts - Painting | 0 | 1 | 0 | 0 | 10 | 124 | 124.00 | 0 | 1 |
| Thought - Social Science | 0 | 0 | 1 | 0 | -5 | 0.00 | 0 | 0 | |
| Other - Pop Culture | 0 | 0 | 1 | 0 | -5 | 0.00 | 0 | 0 |